| 000 | 00404nam a2200169Ia 4500 | ||
|---|---|---|---|
| 005 | 20250423100727.0 | ||
| 008 | 250422s9999 xx 000 0 und d | ||
| 020 | _a0-688-02632-X | ||
| 050 | _aHD 31 .B528/ | ||
| 100 | _aBlanchard, Kenneth | ||
| 245 | 0 | _aPutting the one minute manager to work | |
| 260 | _aNew York | ||
| 260 | _bWilliam Morrow | ||
| 260 | _c1984 | ||
| 300 | _a112 p | ||
| 942 | _cBK | ||
| 999 |
_c34167 _d34167 |
||